| 000 | 01381nam a2200349 c 4500 | ||
|---|---|---|---|
| 003 | BLK | ||
| 005 | 20220405151646.0 | ||
| 008 | 180411b bul|||||r ||||||| ||bul|| | ||
| 010 | _aKNG00182748000 | ||
| 020 |
_a978-954-742-208-7 _bиздат.: Слънце |
||
| 040 | _aBLK | ||
| 041 |
_aBUL _cBUL |
||
| 072 | 7 |
_2bullib _aН83 _xЧужда художествена литература Н |
|
| 080 |
_aТурска литература _b821.512.161 _x-31 _z821.512.161-31 |
||
| 100 | 1 |
_aХикмет, Назъм _eпърви автор _9380332 |
|
| 700 | 1 |
_aФилипова, Хубавинка Николова _eпрев. от тур. _9376556 |
|
| 139 |
_aХикмет, Назъм _bХ 48 |
||
| 245 | 1 | 0 |
_aЖивотът е хубав _bРоман _cНазъм Хикмет; прев. от тур. Хубавинка Николова Филипова. |
| 257 | _aTUR | ||
| 260 |
_аСофия _bСлънце _c2015 _fСофия : Инвестпрес |
||
| 300 |
_a224 с. _c20 см |
||
| 380 | _aX | ||
| 490 | 1 | _aМагията на Босфора | |
| 500 | _aОриг. загл. Yasamak Guzel Sey Be Kardesim / Nazim Hikmet. | ||
| 653 | _aромани | ||
| 659 | _aН | ||
| 852 | _aЦб 277112 | ||
| 856 | 4 |
_qpdf _u |
|
| 856 | 4 |
_qpdf _u |
|
| 942 |
_cKNG _n0 _09 |
||
| 944 |
_aCR _c25.09.2015 _lф / _kВиолета_Тройчева |
||
| 944 |
_aED _c16.06.2016 _lф / _kЛюдмила_Стоянова |
||
| 999 |
_c174280 _d174280 |
||